[Event "12th HIT Open A"]
[Site "Nova Gorica SLO"]
[Date "2007.01.26"]
[Round "1"]
[White "Guid,M"]
[Black "Miezis,N"]
[Result "1/2-1/2"]
[WhiteElo "2278"]
[BlackElo "2517"]

1.e4 c5 2.Nf3 e6 3.d4 cxd4 4.Nxd4 a6 5.Bd3 Nc6 6.Nxc6 dxc6 7.O-O e5 8.Nd2 Nf6
9.Nc4 Qc7 10.Bd2 b5 11.Ba5 Qb8 12.Ne3 Be6 13.Qf3 h5 14.h3 h4 15.c3 Nh5 16.Bc2 Nf4
17.Rad1 Qb7 18.Bb3 Qe7 19.Nd5 cxd5 20.exd5 Nxd5 21.Bxd5 Bxd5 22.Qxd5 Rc8
23.Rfe1 Rh5 24.Kh1 Qe6 25.f4 Be7 26.Qf3 g6 27.Qb7 Qc6 28.Qxc6+ Rxc6 29.fxe5 Rf5
30.Re2 Rf4 31.a3 Rf5 32.Bb4 Bxb4 33.axb4 Ke7 34.Kg1 g5 35.Rd5 Rc4 36.Rf2 Ke6
37.Rd6+ Kxe5 38.Rxf5+ Kxf5 39.Rxa6 Re4 40.Rc6 Re2 41.b3 Rb2 42.Rc5+ Kf4 43.Rxb5 Rxb3
44.Rc5 f5 45.Kh2 Rb1 46.Rc4+ Ke3 47.Rd4 Rb3 48.Rd5 Kf4 49.Rd4+ Ke5 50.Rc4 Rb1
51.Rd4 Kf6 52.Rd6+ Kf7 53.Rb6 Ke7 54.Rc6 Kf7 55.Rd6 Re1 56.Rc6 Rf1 57.b5 Rb1
58.c4 Kg7 59.b6 g4 60.hxg4 fxg4 61.c5 Rb2 62.Re6 h3 63.Re3 Rxg2+ 64.Kh1 Rb2
65.Rc3 Kf6 66.c6 Rb1+ 67.Kh2 Rb2+ 68.Kh1 Rb1+ 69.Kh2 Rb2+ 70.Kg1 Rb1+ 71.Kh2  1/2-1/2

[Event "ch-Kyiv"]
[Site "Kyiv UKR"]
[Date "2007.01.27"]
[Round "8"]
[White "Kernazhitsky,L"]
[Black "Perun,S"]
[Result "1/2-1/2"]
[WhiteElo "2345"]
[BlackElo "2357"]

1.e4 c5 2.Nf3 e6 3.d4 cxd4 4.Nxd4 a6 5.Bd3 Nc6 6.Nxc6 dxc6 7.O-O e5 8.Nd2 Be6
9.Nc4 Bxc4 10.Bxc4 Qxd1 11.Rxd1 Nf6 12.f3 Bc5+ 13.Kf1 h6 14.Ke2 Ke7 15.Be3 Bxe3
16.Kxe3 Rad8  1/2-1/2

[Event "SDZ Open"]
[Site "Solin CRO"]
[Date "2007.01.27"]
[Round "8"]
[White "Deur,Z"]
[Black "Zaja,S"]
[Result "1-0"]
[WhiteElo "1974"]
[BlackElo "1681"]

1.e4 c5 2.Nf3 e6 3.d4 cxd4 4.Nxd4 a6 5.Bd3 Nc6 6.Nxc6 bxc6 7.c4 Rb8 8.O-O d6
9.Nc3 Nf6 10.Qc2 Qc7 11.Kh1 Be7 12.f4 Nd7 13.Be3 h6 14.Rad1 g5 15.Qf2 Rf8
16.b3 c5 17.Be2 Bf6 18.Na4 e5 19.fxg5 hxg5 20.Nc3 Bb7 21.Bg4 Be7 22.Qf5 Nf6
23.Nd5 Bxd5 24.cxd5 Qd7 25.Qxd7+ Nxd7 26.Be2 a5 27.Bd3 Rh8 28.Rf5 f6 29.Bd2 Bd8
30.Rc1 Ke7 31.Be2 Bb6 32.Rc4 Nf8 33.g3 Ng6 34.Rf1 Rh7 35.Bg4 Nf8 36.Ra4 Ra8
37.h3 Bd8 38.Kg2 Nd7 39.Rc4 Rh8 40.Rh1 Nb6 41.Rcc1 a4 42.b4 c4 43.a3 Kf7
44.Be3 Rb8 45.Bxb6 Bxb6 46.Rxc4 Rhd8 47.h4 gxh4 48.gxh4 Bd4 49.Rc2 Bb6 50.Kf3 Rb7
51.h5 Rc7 52.Rxc7+ Bxc7 53.h6 Bb6 54.h7 Kg7 55.Bf5 Bd4 56.Rh2 Kh8 57.Rc2 Ba1
58.b5 Bd4 59.Rc4  1-0

[Event "ch-SER Qualification"]
[Site "Belgrade SER"]
[Date "2007.01.28"]
[Round "6"]
[White "Sarenac,I"]
[Black "Tosic,M"]
[Result "1-0"]
[WhiteElo "2190"]
[BlackElo "2459"]

1.e4 c5 2.Nf3 e6 3.d4 cxd4 4.Nxd4 a6 5.Bd3 d6 6.O-O Nd7 7.c4 Ngf6 8.Nc3 Qc7
9.f4 g6 10.f5 exf5 11.exf5 Bg7 12.fxg6 hxg6 13.Bxg6 fxg6 14.Ne6 Qb6+ 15.c5 Qc6
16.cxd6 Bf8 17.Bf4 b5 18.Nc7+ Kd8 19.Ne6+ Ke8 20.Nc7+ Kd8 21.Ne6+ Ke8 22.Qe2 Qb6+
23.Kh1 Bb7 24.Rad1 Rh5 25.Nc7+ Kf7 26.Qe6+ Kg7 27.Nxa8 Bxa8 28.Bg3 Qc6 29.Rd2 b4
30.Nd1 Qe4 31.Re2 Qxe6 32.Rxe6 Bd5 33.Re3 Bxa2 34.b3 Bb1 35.Nb2 Be4 36.Kg1 Rd5
37.Nc4 Bd3 38.Ra1 a5 39.Nxa5 Bxd6 40.Bxd6 Rxd6 41.Rd1 Rd5 42.Rexd3 Rxa5 43.Rxd7+ Nxd7
44.Rxd7+ Kf6 45.Rb7  1-0

[Event "12th HIT Open A"]
[Site "Nova Gorica SLO"]
[Date "2007.01.31"]
[Round "8"]
[White "Jovanovic,Zo CRO"]
[Black "Miezis,N"]
[Result "1/2-1/2"]
[WhiteElo "2557"]
[BlackElo "2517"]

1.e4 c5 2.Nf3 e6 3.d4 cxd4 4.Nxd4 a6 5.Bd3 Nc6 6.Nxc6 dxc6 7.Nd2 e5 8.Qh5 Bd6
9.Nc4 Nf6 10.Qe2 Bc7 11.Bg5 h6 12.Bh4 Be6 13.O-O-O Qe7 14.f4 Bg4 15.Bxf6 Bxe2
16.Bxe7 Bxd3 17.Rxd3 Kxe7 18.Nxe5 Bxe5 19.fxe5 Rad8 20.Rhd1 Rxd3 21.Rxd3 Re8
22.Kd2 Ke6 23.Rd6+ Ke7 24.Ke3 f6 25.Kf4 Rf8 26.Rd2 Ke6 27.Rd6+ Ke7 28.Rd3 fxe5+
29.Kxe5 Rf2 30.Rb3 b5 31.Rc3 Rxg2 32.Rxc6 Rxh2 33.Rc7+ Kd8 34.Ra7 Rxc2 35.Rxa6 Rxb2
36.Ra5 h5 37.Kd6 Rd2+ 38.Kc6  1/2-1/2

[Event "39th Giorgi Tringov"]
[Site "Plovdiv BUL"]
[Date "2007.02.05"]
[Round "1"]
[White "Pashev,D"]
[Black "Bratanov,Z"]
[Result "0-1"]
[WhiteElo "1916"]
[BlackElo "2453"]

1.e4 c5 2.Nf3 e6 3.d4 cxd4 4.Nxd4 a6 5.Bd3 Bc5 6.Nb3 Be7 7.c4 d6 8.Nc3 Nf6
9.O-O O-O 10.f4 Nbd7 11.Qf3 Qc7 12.Be3 b6 13.Rac1 Bb7 14.Nd4 Rac8 15.b4 Qb8
16.Qg3 Rfe8 17.Nd5 exd5 18.exd5 Bf8 19.Nf5 g6 20.Bd4 b5 21.Qg5 bxc4 22.Bb1 Bxd5
23.Nh6+ Bxh6 24.Qxh6 Re2 25.Rc2 Rce8 26.f5 Rxc2 27.Bxc2 Re2 28.Rf2  0-1

[Event "39th Giorgi Tringov"]
[Site "Plovdiv BUL"]
[Date "2007.02.06"]
[Round "2"]
[White "Pelitov,D"]
[Black "Nikolov,M"]
[Result "0-1"]
[WhiteElo "2198"]
[BlackElo "2425"]

1.e4 c5 2.Nf3 e6 3.d4 cxd4 4.Nxd4 a6 5.Bd3 Nf6 6.O-O Qc7 7.Nc3 b5 8.a3 Bb7
9.Qe2 d6 10.Bd2 Nbd7 11.Rae1 Be7 12.Kh1 O-O 13.f4 Rad8 14.e5 dxe5 15.fxe5 Qxe5
16.Nf5 exf5 17.Qxe5 Nxe5 18.Rxe5 Bd6 19.Rexf5 Ng4 20.h3 g6 21.Rg5 Ne5 22.Be4 Bc8
23.Bd5 Kg7 24.Ne4 Bc7 25.Nf6 h6 26.Rg3 Nc4 27.Nh5+ Kh7 28.Nf6+ Kh8 29.Bf4 Bxf4
30.Rxf4 Nxb2 31.Bxf7 g5 32.Rf2 Rxf7 33.h4 Rdf8 34.hxg5 hxg5 35.Rgf3 Nc4 36.g4 Bb7  0-1

[Event "FSIMB February"]
[Site "Budapest HUN"]
[Date "2007.02.09"]
[Round "7"]
[White "To Nhat Minh"]
[Black "Kahn,E"]
[Result "1-0"]
[WhiteElo "2270"]
[BlackElo "2293"]

1.e4 c5 2.Nf3 e6 3.d4 cxd4 4.Nxd4 a6 5.Bd3 Qc7 6.O-O Ne7 7.c4 Ng6 8.Nc3 Bd6
9.h3 Nc6 10.Be3 Be5 11.Nde2 Nf4 12.Rc1 O-O 13.Qd2 Nxd3 14.Qxd3 Nb4 15.Qd2 Qd6
16.Rfd1 Qxd2 17.Rxd2 Nc6 18.c5 Rd8 19.Na4 d5 20.Nb6 Rb8 21.Rcd1 Re8 22.exd5 exd5
23.Bd4 Be6 24.Bxe5 Nxe5 25.b3 Nd7 26.Nxd7 Bxd7 27.Nf4 Be6 28.Nxd5 Rbc8 29.b4 a5
30.a3 axb4 31.axb4 Kf8 32.Nb6 Rc7 33.Rd8 Ke7 34.Rxe8+ Kxe8 35.Ra1 Ke7 36.Ra8 h5
37.Kf1 Kf6 38.Ke2 Kf5 39.Kd2 Kf4 40.Kc3 Ke5 41.Rb8 g6 42.Nc4+ Kd5 43.Na5 Bc8
44.Nc4 Kc6 45.Nd6 Be6 46.Kd4 f6 47.b5+ Kd7 48.Rxb7 Rxb7 49.Nxb7 Kc7 50.Nd6 Bd7
51.Kc4 f5 52.h4 f4 53.g3 Be6+ 54.Kb4 fxg3 55.fxg3 Bd5 56.Nc4  1-0

[Event "ch-St Petersburg sf"]
[Site "St Petersburg RUS"]
[Date "2007.02.14"]
[Round "5"]
[White "Barhudarian,R"]
[Black "Shchukin,D"]
[Result "0-1"]
[WhiteElo "2306"]
[BlackElo "2336"]

1.e4 c5 2.Nf3 e6 3.d4 cxd4 4.Nxd4 a6 5.Bd3 Qc7 6.O-O Nf6 7.Qe2 h5 8.Nd2 Bc5
9.c3 Ng4 10.N2f3 Nc6 11.Nxc6 bxc6 12.e5 a5 13.h3 Nh6 14.Nd4 g6 15.Bxh6 Rxh6
16.Qe3 Bf8 17.Rad1 h4 18.f4 Ba6 19.Bxa6 Rxa6 20.Rd2 Qb6 21.Rfd1 Rh5 22.Kh1 Ra7
23.Qe4 Be7 24.a4 Kf8 25.Nf3 Rf5 26.Rxd7 Rxd7 27.Rxd7 Qxb2 28.Qxc6 Qc1+ 29.Ng1 Qa3
30.Qc8+ Kg7 31.Qe8 Bc5 32.Rd8 Bf8 33.Ne2 Rxf4 34.Kh2 Rf1 35.Nd4 Qc5 36.Qb5 Rc1
37.Ne2 Re1 38.Qxc5 Bxc5 39.Rd2 Ra1 40.g3 hxg3+ 41.Kxg3 Rxa4 42.Kf3 Rc4 43.Rc2 a4
44.Ng3 Bd4 45.Ne2 Bxe5 46.Ke3 Rh4 47.c4 a3 48.c5 Bb2 49.c6 a2 50.c7 Rh8  0-1

[Event "14th Belisce Metalis Open"]
[Site "Bizovac CRO"]
[Date "2007.02.22"]
[Round "2"]
[White "Dusper,H"]
[Black "Berkes,F"]
[Result "0-1"]
[WhiteElo "2260"]
[BlackElo "2591"]

1.e4 c5 2.Nf3 e6 3.d4 cxd4 4.Nxd4 a6 5.Bd3 Bc5 6.Nb3 Ba7 7.Qg4 Nf6 8.Qh4 Nc6
9.Bf4 d6 10.O-O O-O 11.N1d2 h6 12.Rae1 Ne5 13.Be3 Bxe3 14.Rxe3 Ng6 15.Qg3 e5
16.c4 Nf4 17.h3 Be6 18.Rd1 a5 19.Bf1 Qb6 20.Nc1 Qxb2 21.Rb3 Qc2 22.Qf3 Nh7
23.Bd3 Nxd3 24.Nxd3 Ng5 25.Qe2 Bxc4  0-1

[Event "14th Belisce Metalis Open"]
[Site "Bizovac CRO"]
[Date "2007.02.23"]
[Round "3"]
[White "Zivkovic,Vj"]
[Black "Szakolczai,P"]
[Result "1/2-1/2"]
[WhiteElo "2441"]
[BlackElo "2282"]

1.e4 c5 2.Nf3 e6 3.d4 cxd4 4.Nxd4 a6 5.Bd3 Qb6 6.c3 d6 7.Be3 Qc7 8.c4 Nf6
9.Nc3 b6 10.O-O Bb7 11.a4 Be7 12.f3 O-O 13.Qe2 Re8 14.Rfc1 Nbd7 15.a5 bxa5
16.Nb3 Rab8 17.Nxa5 Ba8 18.Qf2  1/2-1/2

[Event "14th Belisce Metalis Open"]
[Site "Bizovac CRO"]
[Date "2007.02.25"]
[Round "7"]
[White "Zivkovic,Vj"]
[Black "Sax,G"]
[Result "1/2-1/2"]
[WhiteElo "2441"]
[BlackElo "2528"]

1.e4 c5 2.Nf3 e6 3.d4 cxd4 4.Nxd4 a6 5.Bd3 Qb6 6.Nb3 Qc7 7.Qe2 d6 8.Nc3 Nf6
9.Bd2 Nc6 10.f4 Be7 11.O-O b5 12.a4 b4 13.Nd1 a5 14.Nf2 O-O  1/2-1/2

[Event "14th Belisce Metalis Open"]
[Site "Bizovac CRO"]
[Date "2007.02.25"]
[Round "7"]
[White "Prlac,V"]
[Black "Szakolczai,P"]
[Result "0-1"]
[WhiteElo "2105"]
[BlackElo "2282"]

1.e4 c5 2.Nf3 e6 3.d4 cxd4 4.Nxd4 a6 5.Bd3 Nf6 6.O-O Qc7 7.Qe2 d6 8.c4 b6
9.b3 Bb7 10.Bb2 Nbd7 11.Nc3 g6 12.Rad1 Bg7 13.Kh1 O-O 14.f4 Rfe8 15.Bb1 Rad8
16.Qf3 Qb8 17.Ba1 Qa8 18.Rfe1 Nc5 19.b4 Ncd7 20.Bc2 Rc8 21.Bb3 h5 22.Nde2 Nxe4
23.Nxe4 Bxe4 24.Qf2 Bxa1 25.Rxa1 Nf6 26.Ng3 Bc6 27.Re2 Rcd8 28.Qxb6 h4 29.Nf1 Bxg2+
30.Kg1 Bf3 31.Rd2 Nh5 32.Qe3 e5 33.Rf2 Bc6 34.fxe5 dxe5 35.c5 Nf4 36.Rxf4 exf4
37.Qxf4 Bd5 38.Bc2 Re2 39.Ne3 Re8 40.Ng4 Rg2+ 41.Kf1 Bc4+  0-1

[Event "Interclubes Paulista"]
[Site "Sao Paulo BRA"]
[Date "2007.02.25"]
[Round "2"]
[White "Marra,E"]
[Black "D'Israel,D"]
[Result "1-0"]
[WhiteElo "2290"]
[BlackElo "2277"]

1.e4 c5 2.Nf3 e6 3.d4 cxd4 4.Nxd4 a6 5.Bd3 Qc7 6.O-O Nf6 7.Qe2 d6 8.c4 Be7
9.Nc3 O-O 10.Be3 Nbd7 11.Rac1 b6 12.Bb1 Bb7 13.f4 Rfe8 14.Kh1 Rac8 15.b3 Bf8
16.Nf3 Qb8 17.Bg1 g6 18.h3 d5 19.cxd5 exd5 20.e5 Ba3 21.Rc2 Bb4 22.Qd3 Ne4
23.Nxe4 dxe4 24.Qxd7 exf3 25.gxf3 Rxc2 26.Bxc2 Rd8 27.Qg4 Qc7 28.Bb1 Bf8
29.e6 Bg7 30.f5 gxf5 31.Qxf5 fxe6 32.Qxh7+ Kf8 33.Be4 Rd2 34.Qg6 Bc8 35.Rf2 Rd1
36.Rc2 Qd8 37.Kg2 Bd7 38.Be3 Qh4 39.Bf2 Qf4 40.Qg4 Qd6 41.Qg5 Be5 42.Qh6+ Bg7
43.Qg5 Be5 44.Bh7 Bg7 45.Qd8+ Be8 46.Qg5 Bd7 47.Qd8+ Be8 48.Qg5 Bd7 49.Bg3 Qd4
50.Bf2 Qd6 51.h4 Rd5 52.Qd8+ Kf7 53.Qg8+ Kf6 54.Be3  1-0

[Event "X Malaga Open"]
[Site "Campillos ESP"]
[Date "2007.03.03"]
[Round "9"]
[White "Colovic,A"]
[Black "Ivanov,Jo"]
[Result "1-0"]
[WhiteElo "2463"]
[BlackElo "2377"]

1.e4 c5 2.Nf3 e6 3.d4 cxd4 4.Nxd4 a6 5.Bd3 Bc5 6.Nb3 Be7 7.Be3 d6 8.f4 Nc6
9.Qf3 Nf6 10.N1d2 O-O 11.O-O-O Nb4 12.Kb1 Nxd3 13.cxd3 b5 14.g4 e5 15.f5 Nd7
16.h4 f6 17.Rdg1 Kf7 18.g5 Rh8 19.Qg3 Bf8 20.h5 Ke8 21.Nf3 Qe7 22.Rc1 a5
23.Nxa5 Nc5 24.Nc6 Qf7 25.Nb4 Ra4 26.Nd5  1-0

[Event "64th ch-GEO w"]
[Site "Tbilisi GEO"]
[Date "2007.03.07"]
[Round "6"]
[White "Tsereteli,T"]
[Black "Khurtsidze,N"]
[Result "1-0"]
[WhiteElo "2334"]
[BlackElo "2451"]

1.e4 c5 2.Nf3 e6 3.d4 cxd4 4.Nxd4 a6 5.Bd3 Nc6 6.Nxc6 bxc6 7.O-O d6 8.f4 Nf6
9.Nd2 Be7 10.Kh1 Nd7 11.c3 a5 12.Qg4 O-O 13.Qh5 Ba6 14.c4 Bf6 15.Qh3 g6 16.Rb1 Nc5
17.Bc2 e5 18.f5 d5 19.b3 d4 20.Ba3 Qb6 21.Nf3 Bg7 22.Ng5 h6 23.fxg6 Bc8 24.Qh5 fxg6
25.Rxf8+ Kxf8 26.Qxg6 hxg5 27.Bxc5+ Qxc5 28.Rf1+ Kg8 29.Rf7 Qf8 30.Rxf8+ Kxf8
31.Qxc6  1-0

[Event "TCh-FIN 2006-7"]
[Site "Helsinki FIN"]
[Date "2007.03.10"]
[Round "8"]
[White "Sepp,O"]
[Black "Miezis,N"]
[Result "1/2-1/2"]
[WhiteElo "2458"]
[BlackElo "2517"]

1.e4 c5 2.Nf3 e6 3.d4 cxd4 4.Nxd4 a6 5.Bd3 Nc6 6.Nxc6 dxc6 7.Nd2 e5 8.Nc4 Nf6
9.Be3 Be6 10.O-O Bxc4 11.Bxc4 Bd6 12.Qf3 Qe7 13.Rad1 O-O 14.Bg5 Rad8 15.Rd3 b5
16.Bb3 h6 17.Bxf6 Qxf6 18.Qxf6 gxf6 19.Rg3+ Kh8 20.Rc3 c5 21.Bd5 c4 22.Rf3 Be7
23.Re1 Kg7 24.Ree3 Rh8 25.Rf5 Rd6 26.Kf1 Bd8 27.Ra3 Be7 28.Ke2 Kf8 29.Rh3 Rb6
30.Rfh5 Kg7 31.Rg3+ Kf8 32.Rg4 Bd8 33.Rg3 Rd6 34.b3 cxb3 35.axb3 Ba5 36.Rf5 Rg8
37.Rxg8+ Kxg8 38.Kd3 Kg7 39.h4 Rd7 40.g4 Rc7 41.c4 bxc4+ 42.bxc4 Bb4 43.g5 hxg5
44.hxg5 Be7 45.f4 exf4 46.gxf6+ Bxf6 47.e5 Bd8 48.Kd4 a5 49.Rxf4 a4 50.c5 a3
51.Rf2 Ra7 52.Ba2 Re7 53.Rg2+ Kf8 54.c6 Bc7 55.Rg5 Bb8 56.Bd5 Bc7 57.Ba2  1/2-1/2

[Event "TCh-NOR 2006-7"]
[Site "Oslo NOR"]
[Date "2007.03.10"]
[Round "8"]
[White "Gabrielsen,S"]
[Black "Michelsen,S"]
[Result "0-1"]
[WhiteElo "2342"]
[BlackElo "2219"]

1.e4 c5 2.Nf3 e6 3.d4 cxd4 4.Nxd4 a6 5.Bd3 Nf6 6.O-O d6 7.Be3 Nc6 8.Nc3 Be7
9.f4 O-O 10.Qf3 Qc7 11.Kh1 Re8 12.Qg3 Nb4 13.e5 Nfd5 14.Nxd5 Nxd5 15.f5 exf5
16.Bxf5 Bf8 17.Bg5 dxe5 18.Be4 Nf4 19.Rac1 Be6 20.Bf6 Bc4 21.Bxe5 Rxe5 22.Rxf4 Rae8
23.Nf3 g6 24.Nxe5 Qxe5  0-1

[Event "ch-SRB"]
[Site "Vrsac SRB"]
[Date "2007.03.13"]
[Round "9"]
[White "Todorovic,J"]
[Black "Pikula,D"]
[Result "1/2-1/2"]
[WhiteElo "2381"]
[BlackElo "2513"]

1.e4 c5 2.Nf3 e6 3.d4 cxd4 4.Nxd4 a6 5.Bd3 Nf6 6.O-O d6 7.c4 b6 8.Nc3 Bb7
9.f4 Nbd7 10.Qe2 g6 11.f5 Qe7 12.fxe6 fxe6 13.Bg5 Bg7 14.Nf3 O-O 15.Kh1 h6
16.Bd2 g5 17.Rae1 g4 18.Nd4 Ne5 19.Qe3 Rf7 20.b3 Raf8 21.Kg1 Nxd3 22.Qxd3 Nd7
23.Nde2 Ne5 24.Qe3 Nf3+ 25.gxf3 gxf3 26.Rf2 fxe2 27.Rexe2 Qh4 28.Rxf7 Rxf7
29.Rf2 Be5 30.Rxf7 Qxh2+ 31.Kf1 Kxf7 32.Qxb6 Qh1+ 33.Kf2 Bxe4 34.Nxe4 Qxe4
35.Be3 Qf5+ 36.Ke2 Qg4+ 37.Kd2 Qg2+ 38.Kd3 Qf1+ 39.Kd2 Qg2+ 40.Kd3 Qxa2 41.Qb7+ Kf6
42.Qf3+ Kg7 43.Qb7+ Kg8 44.Qa8+ Kh7 45.Qe4+ Kg7 46.Qb7+ Kf6 47.Qf3+ Kg7  1/2-1/2

[Event "60th ch-RUS sf Urals"]
[Site "Nizhnij Tagil RUS"]
[Date "2007.03.14"]
[Round "1"]
[White "Kobylin,A"]
[Black "Obodchuk,A"]
[Result "0-1"]
[WhiteElo "2147"]
[BlackElo "2410"]

1.e4 c5 2.Nf3 e6 3.d4 cxd4 4.Nxd4 a6 5.Bd3 Nf6 6.c4 Nc6 7.Nxc6 dxc6 8.O-O e5
9.Nc3 Be6 10.h3 Be7 11.Qe2 O-O 12.Kh1 b5 13.a3 Ra7 14.Be3 Rd7 15.Rfd1 Qb8
16.cxb5 cxb5 17.Rac1 Rfd8 18.Kh2 g6 19.g3 Nh5 20.b4 Nf4 21.Bxf4 exf4 22.e5 fxg3+
23.fxg3 h5 24.Qe3 h4 25.Bb1 hxg3+ 26.Qxg3 Rxd1 27.Rxd1 Rxd1 28.Nxd1 Bf8 29.Nf2 Bg7
30.Nd3 Bf5 31.e6 Qxg3+ 32.Kxg3 Bxe6 33.Nc5 Bc8 34.Ba2 Be5+ 35.Kg2 Bb2 36.a4 Bc3
37.axb5 axb5 38.Nd3 Bf5 39.Nf4 Bxb4 40.Nd5 Bc5 41.Nc7 b4 42.Bb3 Kf8 43.Nd5 Be6
44.Kg3 Kg7 45.Kg2 g5 46.Kg3 Kh6  0-1

[Event "60th ch-RUS sf Urals"]
[Site "Nizhnij Tagil RUS"]
[Date "2007.03.16"]
[Round "3"]
[White "Vokarev,S"]
[Black "Obodchuk,A"]
[Result "1-0"]
[WhiteElo "2479"]
[BlackElo "2410"]

1.e4 c5 2.Nf3 e6 3.d4 cxd4 4.Nxd4 a6 5.Bd3 Nf6 6.O-O Qc7 7.Qe2 d6 8.c4 g6
9.h3 Bg7 10.Nf3 Nc6 11.Nc3 O-O 12.Be3 b6 13.Rac1 Nd7 14.Rfd1 Qb8 15.Bb1 Rd8
16.Bg5 Re8 17.b3 Bb7 18.Qd2 Bf8 19.Nh2 h5 20.Bh6 Be7 21.Bf4 Nde5 22.Be3 Nd7
23.f4 Bc8 24.Ne2 Ra7 25.Nf3 Rc7 26.f5 Nce5 27.Ned4 Bf6 28.Nxe5 dxe5 29.Nf3 exf5
30.exf5 e4 31.Nd4 Ne5 32.fxg6 fxg6 33.Bxe4 Bb7 34.Bxb7 Qxb7 35.Rf1 Bg7 36.Bh6 Bxh6
37.Qxh6 Qe4 38.Ne6 Nf3+ 39.Rxf3 Qxe6 40.Rcf1 Rg7 41.Rf6 Qe4 42.Qf4 b5 43.Rxa6 bxc4
44.bxc4 Qb7 45.Rf6 Re2 46.Rf2 Re4 47.Qh6 Re8 48.Qd2 Kh7 49.c5 Qe4 50.Rf7 Qe1+
51.Qxe1 Rxe1+ 52.Rf1 Re2 53.Rxg7+ Kxg7 54.Ra1 Rc2 55.a4 Rxc5 56.a5 Rc7 57.a6 Ra7
58.Kf2  1-0

[Event "60th ch-RUS sf Urals"]
[Site "Nizhnij Tagil RUS"]
[Date "2007.03.16"]
[Round "3"]
[White "Kobylin,A"]
[Black "Nurtdinov,R"]
[Result "0-1"]
[WhiteElo "2147"]
[BlackElo "2086"]

1.e4 c5 2.Nf3 e6 3.d4 cxd4 4.Nxd4 a6 5.Bd3 Qc7 6.O-O Nc6 7.Nxc6 bxc6 8.Qe2 e5
9.c4 Nf6 10.b3 Bc5 11.Bb2 O-O 12.Kh1 Bd4 13.Bxd4 exd4 14.f4 d6 15.Nd2 Re8
16.Qf2 c5 17.h3 Bb7 18.Rae1 Re7 19.Re2 Rae8 20.Rfe1 Nd7 21.Qh4 Nf8 22.Nf3 f6
23.Qg3 Nd7 24.Nh4 Nf8 25.Nf5 Re6 26.h4 Kh8 27.h5 g6 28.hxg6 hxg6 29.Nh4 Qh7
30.Kg1 g5 31.Nf5 gxf4 32.Qxf4 Ng6 33.Qd2 Ne5 34.Ng3 Ng4 35.Qf4 Qh2+ 36.Kf1 Ne3+
37.Rxe3 dxe3 38.Rxe3 f5 39.Qxf5 Qh6 40.Ke2 Rf6 41.Qd7 Rb8 42.Nf5 Qh5+ 43.Kd2 Qg5
44.Kc3 Rh6 45.Qc7 Rf8 46.Qxb7 Rxf5 47.Qc8+ Kg7 48.exf5 Qxe3 49.Qd7+ Kf8 50.Qd8+ Kf7
51.Qd7+ Qe7 52.Qc8 Qe5+ 53.Kc2 Rh8 54.Qxa6 Re8 55.Qb7+ Kf6 56.Qh7 Kg5 57.Qg6+ Kf4
58.f6 Re6 59.Qh6+ Kg4 60.Qh3+ Kg5 61.f7 Rf6 62.g4 Rf2+  0-1

[Event "60th ch-RUS sf Urals"]
[Site "Nizhnij Tagil RUS"]
[Date "2007.03.20"]
[Round "7"]
[White "Abramov,Al"]
[Black "Figura,L"]
[Result "1-0"]
[WhiteElo "2282"]
[BlackElo "2199"]

1.e4 c5 2.Nf3 e6 3.d4 cxd4 4.Nxd4 a6 5.Bd3 Qc7 6.O-O b6 7.c4 Bb7 8.Qe2 d6
9.Nc3 Nf6 10.Bd2 Nbd7 11.Rac1 Rc8 12.b3 Qb8 13.f4 Nc5 14.Bb1 Qa8 15.Rfe1 a5
16.f5 Be7 17.Ndb5 O-O 18.Bf4 Rfd8 19.Rcd1 Rc6 20.Nd5 exd5 21.exd5 Rcc8 22.Qxe7 Rd7
23.Qe2 Rcd8 24.Qf3 Ba6 25.Nd4 Qb7 26.Nc6 Rf8 27.a4 Qc7 28.Re3 Bb7 29.Rde1 Kh8
30.Bg5 Ng8 31.f6 Ne6 32.dxe6 fxe6 33.fxg7+ Rxg7 34.Qxf8 Rxg5 35.Nd8 Rxg2+
36.Kf1 Rg7 37.Rg3  1-0

[Event "Open"]
[Site "Zagreb CRO"]
[Date "2007.03.21"]
[Round "5"]
[White "Zivkovic,Vj"]
[Black "Predojevic,B"]
[Result "0-1"]
[WhiteElo "2441"]
[BlackElo "2587"]

1.e4 c5 2.Nf3 e6 3.d4 cxd4 4.Nxd4 a6 5.Bd3 Nf6 6.O-O d6 7.a4 Be7 8.Nc3 Nc6
9.Be3 O-O 10.Kh1 Nxd4 11.Bxd4 e5 12.Be3 Be6 13.a5 Rc8 14.Na4 Nd7 15.b3 Bg5
16.Bxg5 Qxg5 17.c4 h5 18.Bc2 Nf6 19.Nb6 Rcd8 20.Qc1 Qg6 21.Nd5 Rfe8 22.Ne3 h4
23.f3 Nh5 24.Kg1 Nf4 25.Kf2 Qg5 26.Rg1 g6 27.Kf1 Qh5 28.Qd1 Rf8 29.Ke1 Kg7
30.Kd2 Qg5 31.Kc3 Qe7 32.Qe1 Rb8 33.g3 hxg3 34.hxg3 Nh5 35.Qf2 Qc7 36.f4 b5
37.f5 bxc4 38.b4 Rxb4 39.fxe6 fxe6 40.Qd2 Qc5 41.Rgf1 Rb5 42.Ra4 d5 43.exd5 exd5
44.Nf5+ Rxf5 45.Bxf5 Nxg3 46.Rf3 Rb3+ 47.Kc2 Rxf3  0-1

[Event "ch-KAZ"]
[Site "Astana KAZ"]
[Date "2007.03.22"]
[Round "3"]
[White "Alaguzov,M"]
[Black "Kuderinov,K"]
[Result "0-1"]
[WhiteElo "2194"]
[BlackElo "2436"]

1.e4 c5 2.Nf3 e6 3.d4 cxd4 4.Nxd4 a6 5.Bd3 Qc7 6.Nc3 Nf6 7.O-O b5 8.Qe2 d6
9.a4 b4 10.Na2 e5 11.Nf3 Nc6 12.Bd2 Qb7 13.c3 bxc3 14.Bxc3 Be7 15.b4 O-O
16.b5 axb5 17.axb5 Nd8 18.Nb4 Rxa1 19.Rxa1 Qc7 20.Bd2 Bb7 21.Ra7 Ne6 22.Nc6 Ra8
23.Rxa8+ Bxa8 24.Ba5 Qd7 25.Qc2 Nc5 26.Nxe7+ Qxe7 27.Nd2 Qa7 28.Nb3 Nfd7
29.Bb4 Nxd3 30.Qxd3 Qa4 31.Bxd6 Bxe4 32.Qc3 h6 33.f3 Bg6 34.Qc8+ Kh7 35.Qxd7 Qxb3
36.Bxe5 Qe3+ 37.Kf1 Bd3+  0-1

[Event "Open"]
[Site "Zagreb CRO"]
[Date "2007.03.23"]
[Round "7"]
[White "Mrdja,M"]
[Black "Predojevic,B"]
[Result "0-1"]
[WhiteElo "2397"]
[BlackElo "2587"]

1.e4 c5 2.Nf3 e6 3.d4 cxd4 4.Nxd4 a6 5.Bd3 Nf6 6.Qe2 d6 7.c4 b6 8.Nc3 Bb7
9.O-O g6 10.Rd1 Nbd7 11.Nf3 Qc7 12.Bf4 Nh5 13.Be3 Rc8 14.Rac1 Be7 15.Bh6 Rg8
16.g4 Nhf6 17.h3 g5 18.Bxg5 Nxg4 19.hxg4 Bxg5 20.Nxg5 Rxg5 21.f4 Rg8 22.Kf2 Qc5+
23.Kf3 h5 24.g5 f6 25.gxf6 Nxf6 26.Qf2 Qf5 27.Rg1 Qh3+ 28.Ke2 Ng4 29.Qg3 Qxg3
30.Rxg3 Ke7 31.Rh1 Nf6 32.Rg5 e5 33.Rhg1 exf4 34.Kf3 Ng4 35.Kxf4 Rxg5 36.Kxg5 Ne5
37.Rd1 Nxc4 38.Bxc4 Rxc4 39.Kxh5 Ke6 40.Kg5 Ke5 41.Rf1 Bxe4 42.Rf8 Bc6 43.Rf5+ Ke6
44.Rf6+ Ke7 45.Rh6 b5 46.a3 a5 47.Rh2 d5 48.Kf5 Kd6 49.Rh6+ Kc5 50.Ke5 b4
51.axb4+ axb4 52.Nd1 Re4+ 53.Kf5 Bd7+ 54.Kg5 Re2 55.Kf4 Ba4 56.Ne3 Rxb2 57.Rh1 Rb3
58.Rh8 Rc3 59.Ra8 Bc6 60.Rb8 b3 61.Nd1 Rc4+ 62.Ke3 Rb4 63.Rxb4 Kxb4 64.Kd4 Ka3
65.Kc3 Ka2  0-1

[Event "Rector Cup w"]
[Site "Kharkiv UKR"]
[Date "2007.03.24"]
[Round "8"]
[White "Doluhanova,E"]
[Black "Dvoretska,O"]
[Result "1/2-1/2"]
[WhiteElo "2195"]
[BlackElo "2164"]

1.e4 c5 2.Nf3 e6 3.d4 cxd4 4.Nxd4 a6 5.Bd3 Qc7 6.O-O Nf6 7.Qe2 d6 8.c4 g6
9.Nc3 Bg7 10.Nf3 O-O 11.h3 Nc6 12.Bg5 h6 13.Be3 Bd7 14.Rac1 Ne5 15.Rfd1 Rac8
16.b3 Nxf3+ 17.Qxf3 Kh7 18.Qe2 e5 19.b4 Be6 20.Na4 Nd7 21.Qd2 Rfd8 22.f3 Ra8
23.Qf2 Rf8 24.Bf1 Rfe8 25.a3 Rg8 26.Nb6 Nxb6 27.Bxb6 Qe7 28.Qd2 Bf8 29.a4 f5
30.a5 Qh4 31.Bf2 Qf6 32.b5 Rd8 33.bxa6 bxa6 34.c5 Bb3 35.c6 Bxd1 36.c7 Ba4
37.cxd8=Q Qxd8 38.Bxa6 fxe4 39.fxe4 h5 40.Qb4 Bd7 41.Qb7 Rg7 42.Rc7 Kh8 43.Bb5 Bc6
44.Rc8 Rxb7 45.Rxd8 Bxb5 46.Rxf8+ Kg7 47.Rd8 Bd3 48.Rxd6 Rb1+ 49.Kh2 Bxe4
50.Rd2 Ra1 51.Re2 Ra4  1/2-1/2

[Event "Open"]
[Site "Zagreb CRO"]
[Date "2007.03.24"]
[Round "8"]
[White "Bilic,Ma"]
[Black "Knezevic,Z SLO"]
[Result "1-0"]
[WhiteElo "2352"]
[BlackElo "2100"]

1.e4 c5 2.Nf3 e6 3.d4 cxd4 4.Nxd4 a6 5.Bd3 g6 6.Nc3 Bg7 7.Be3 Ne7 8.Qd2 O-O
9.Nf3 d5 10.Bh6 dxe4 11.Bxg7 Kxg7 12.Nxe4 Qc7 13.h4 Nd5 14.h5 Qf4 15.h6+ Kh8
16.O-O-O Nd7 17.Qxf4 Nxf4 18.g3 Nd5 19.Bc4 N5f6 20.Nd6 b5 21.Bb3 Nc5 22.Rh4 Kg8
23.Ne5 Ra7 24.Rf4 Nxb3+ 25.axb3 Nd5 26.Rxf7 Raxf7 27.Ndxf7 Rxf7 28.Nxf7 Kxf7
29.c4 Nf6 30.Rd8 Bd7 31.f4 Ke7 32.Rh8 Kd6 33.g4 Nxg4 34.Rxh7 b4 35.Rxd7+  1-0

[Event "Rector Cup w"]
[Site "Kharkiv UKR"]
[Date "2007.03.29"]
[Round "3"]
[White "Breslavskaya,M"]
[Black "Dvoretska,O"]
[Result "1-0"]
[WhiteElo "1995"]
[BlackElo "2164"]

1.e4 c5 2.Nf3 e6 3.d4 cxd4 4.Nxd4 a6 5.Bd3 Nf6 6.O-O Qc7 7.Nc3 d6 8.a4 b6
9.Kh1 Bb7 10.f4 Nbd7 11.Qf3 Be7 12.Bd2 Rc8 13.Rae1 g6 14.Qh3 e5 15.fxe5 dxe5
16.Nf3 O-O 17.Bh6 Rfe8 18.Ng5 Bf8 19.Bxf8 Rxf8 20.Nd5 Bxd5 21.exd5 Kg7 22.Bxa6 Ra8
23.Bb5 h6 24.Ne4 Qxc2 25.Nxf6 Nxf6 26.Qf3 Nh7 27.d6 Qxb2 28.d7 Rad8 29.Qd5 f6
30.Qd6 Qb3 31.Rb1 Qf7 32.Qxb6 Ng5 33.a5 Ne4 34.Qe3 Nd6 35.Bc6 Qe6 36.Qb3 Qxb3
37.Rxb3 Nf5 38.Rxf5 gxf5 39.Kg1 Kf7 40.a6 Ke7 41.a7 Kd6 42.Bb7 Kc7 43.Bc8 Rxd7
44.a8=Q Rxc8 45.Rc3+  1-0

[Event "II Elo Fide Universidad San Marcos"]
[Site "Lima PER"]
[Date "2007.04.01"]
[Round "3"]
[White "Castaneda,C"]
[Black "Iturry,M"]
[Result "0-1"]
[WhiteElo "2195"]
[BlackElo "2277"]

1.e4 c5 2.Nf3 e6 3.d4 cxd4 4.Nxd4 a6 5.Bd3 Nc6 6.Nb3 Nf6 7.Nc3 Be7 8.f4 d6
9.O-O b5 10.Qf3 Bb7 11.e5 Nd7 12.exd6 Bxd6 13.Ne4 Be7 14.c3 O-O 15.Bc2 Qc7
16.Qh3 g6 17.Be3 Nb4 18.Bb1 Nd5 19.Bd2 f5 20.Ng3 Bf6 21.Ne2 Rae8 22.Bd3 e5
23.fxe5 Nxe5 24.Rae1 Ng4 25.Ned4 Be5 26.g3 Ndf6 27.Be2 Qd6 28.Bf3 Bxf3 29.Nxf3 Ne4
30.Qg2 Bg7 31.Bf4 Qb6+ 32.Nbd4 b4 33.Qc2 bxc3 34.bxc3 Rc8 35.Rb1 Bxd4+ 36.cxd4 Qd8
37.Qb3+ Kh8 38.h3 Ngf6 39.Be5 Qd7 40.Qb7 Kg8 41.Qxa6 f4 42.g4 Rc6 43.Qb7  0-1